1352 1533 1828 1925 1295 1482 1703 1770 1220 1796 1024 1039 1086 1879 1113 1840 1992 1276 1271 1033 1636 1646 1830 1548 1600 1496 1265 1113 1591 1557 1190 1170 1771 1002 1647 1609 1551 1621 1670 1430 1513 1893 1461 1131 1999 1757 1085 1371 1374 1898 1408 1304 1761 1339 1095 1700 1696 1387 1600 1208 1207 1787 1893 1148 1531 1287 1552 1899 1517 1744 1007 1220 1037 1860 1126 1235 1033 1626 1180 1193 1821 1650 1072 1686 1787 1201 1874 1498 1029 1548 1426 1490 1805 1387 1890 1695 1061 1082 1895 BCNSPRNW ULIB Ver.6.0+V

เปลี่ยนเป็นภาษาไทย

Change to English
 แสดงรายละเอียดบรรณานุกรม
  กลับหน้าหลัก

Brief Record : Get Marc (ISO 2709) : E-mail record : QR code < ปิดหน้าต่าง
LEADER : 00000nam 2200000uu 4500
001    13399121897
003     ULIB
008    120731s2552||||th 000 0 tha d
020    ^a9786110600552
090    ^aนว.^bม750ต 2552
100 0  ^aเมเปิ้ลสีขาว
245 00 ^aต่างรักตรงใจ /^cเมเปิ้ลสีขาว
250    ^aพิมพ์ครั้งที่ 1
260    ^aกรุงเทพฯ :^bแจ่มใส,^c2552
300    ^a443 หน้า
500    ชุดพิเศษ ความรู้สึกดี...ที่เรียกว่ารัก
710 1  ^aแจ่มใส
945    ^p269^l0^i15939
995    ^aกัณชพร
999    ^aใช้งานได้ทุกระบบ
รายการนี้ยังไม่มีแท็ก
คุณยังไม่ได้ล็อกอิน คุณสามารถมีกิจกรรมร่วมกับเว็บไซต์ได้ แต่ต้องล็อกอินก่อน ::
  ล็อกอิน

รายการสื่อสารสนเทศ

ลำดับที่ ประเภท เลขเรียก/บาร์โค้ด สถานที่ สถานะ
1. นวนิยาย
นวนิยาย
นว. ม750ต 2552 ฉ.1 
  Barcode: 15939
ห้องสมุดวิทยาเขตสวรรค์ประชารักษ์
►นวนิยาย
บนชั้น
  ขอยืม

รายการใกล้เคียง
    ผู้แต่ง [เมเปิ้ลสีขาว]

BibComment


ยังไม่เคยถูกคอมเมนท์

คอมเมนท์ทรัพยากรรายการนี้
  คอมเมนท์: ต่างรักตรงใจ เม..


 Copyright 2026. Bcnsprnw @Library